Economic growth and the productivity movement in Japan=(History and case study)

Spremljeno u:
Bibliografski detalji
Autor kompanije: Japan Productivity Center
Format: Knjiga
Jezik:Undetermined
Izdano: Tokyo Seisaneihonbu Tokyo 1973
Teme:
Oznake: Dodaj oznaku
Bez oznaka, Budi prvi tko označuje ovaj zapis!
Thư viện lưu trữ: Trung tâm Học liệu Trường Đại học Cần Thơ
LEADER 00601nam a2200193Ia 4500
001 CTU_94187
008 210402s9999 xx 000 0 und d
082 |a 338.952 
082 |b J35 
110 |a Japan Productivity Center 
245 0 |a Economic growth and the productivity movement in Japan=(History and case study) 
245 0 |c Japan Productivity Center 
260 |a Tokyo 
260 |b Seisaneihonbu Tokyo 
260 |c 1973 
650 |a Economic development and growth,Economic policy 
650 |z Japan,Japan 
904 |i Năm 
980 |a Trung tâm Học liệu Trường Đại học Cần Thơ